Madzhab tanpa madzhab : bid`ah dalam syariat islam

Bibliographic Details
Main Author: Muhammad Said Ramadhan Al-Buthy
Format: Book
Published: Indonesia : Pustaka Al-Kautsar , 2001
Subjects:

MARC

LEADER 00000cam a2200000 7i4500
001 0000017432
005 20080522.0
008 080522
020 |a 9795921789 
090 0 0 |a 297.8   |b MUH 
100 0 |a Muhammad Said Ramadhan Al-Buthy 
245 1 0 |a Madzhab tanpa madzhab :   |b bid`ah dalam syariat islam   |c Muhammad Said Ramadhan Al-Buthy 
260 |a Indonesia :   |b Pustaka Al-Kautsar ,   |c 2001 
650 0 |a Islamic sects 
999 |a 0001008027   |b Book   |c Adult Collection   |e Perbadanan Perpustakaan Awam Johor 
999 |a 0001008029   |b Book   |c Adult Collection   |e Perbadanan Perpustakaan Awam Johor